[Event "COL pre olympic sf2"]
[Site "Palmira"]
[Date "2019.06.01"]
[Round "6"]
[White "Libreros Candelo, Juan Camilo"]
[Black "Orozco Giraldo, Jhon Edison"]
[Result "0-1"]
[WhiteElo "1404"]
[BlackElo "1627"]
[PlyCount "88"]
[EventDate "2019.05.29"]
[EventType "swiss"]
[EventRounds "10"]
[EventCountry "COL"]
[SourceTitle "CBM 190 Extra"]
[Source "ChessBase"]
[SourceDate "2019.07.15"]
[SourceVersion "1"]
[SourceVersionDate "2019.07.15"]
[SourceQuality "1"]

1. e4 c5 2. Nf3 g6 3. d4 cxd4 4. Nxd4 Nf6 5. Nc3 d6 6. Bb5+ Bd7 7. Bxd7+ Qxd7 8. 0-0 Bg7 9. f4 0-0 10. Nb3 Nc6 11. Bd2 Rab8 12. Rc1 b5 13. Qf3 a5 14. a4 b4 15. Nb5 Ne8 16. c3 Nc7 17. Nxc7 bxc3 18. Bxc3 Rxb3 19. Nb5 Na7 20. Qd1 Bxc3 21. Qxb3 Nxb5 22. axb5 Bb4 23. Qd5 Bc5+ 24. Kh1 Qxb5 25. Qd2 Rb8 26. Rb1 a4 27. h3 Qb3 28. Qd1 Qxd1 29. Rfxd1 Rb4 30. Re1 Bd4 31. Re2 a3 32. b3 Bb2 33. Rbxb2 axb2 34. Rxb2 Rxe4 35. b4 Rxf4 36. b5 Rc4 37. b6 Rc8 38. b7 Rb8 39. Rb6 Kf8 40. Kg1 Ke8 41. Kf2 Kd7 42. Ke3 Kc7 43. Rb4 Rxb7 44. Re4 Kd7 0-1

[Event "COL-chT Interligas"]
[Site "Palmira"]
[Date "2019.04.28"]
[Round "4.1"]
[White "Libreros Candelo, Juan Camilo"]
[Black "Marin, Luis Eduardo"]
[Result "0-1"]
[WhiteElo "1404"]
[BlackElo "1439"]
[PlyCount "98"]
[EventDate "2019.04.27"]
[EventType "team-swiss"]
[EventRounds "6"]
[EventCountry "COL"]
[SourceTitle "CBM 190 Extra"]
[Source "ChessBase"]
[SourceDate "2019.07.15"]
[SourceVersion "1"]
[SourceVersionDate "2019.07.15"]
[SourceQuality "1"]
[WhiteTeam "Valle Talentos Palmira IV"]
[BlackTeam "Valle Talentos Palmira II"]
[WhiteTeamCountry "COL"]
[BlackTeamCountry "COL"]

1. e4 d6 2. d4 Nf6 3. Nc3 e5 4. dxe5 dxe5 5. Qxd8+ Kxd8 6. Bc4 Be6 7. Bxe6 fxe6 8. Nf3 Bd6 9. 0-0 Nbd7 10. a3 Ke7 11. Re1 h6 12. Nd2 Nb6 13. Nb3 Rhf8 14. f3 Nfd7 15. Nb5 Nc4 16. Nxd6 Nxd6 17. g4 Rxf3 18. Bd2 b6 19. Kg2 Rf7 20. Re2 a5 21. a4 Nc4 22. Bc3 Rf4 23. h3 Nf6 24. Rae1 Nd7 25. Nd2 Nxd2 26. Rxd2 Rd8 27. b3 g6 28. Rdd1 Rdf8 29. Re2 h5 30. Bd2 R4f7 31. Bg5+ Ke8 32. gxh5 gxh5 33. Bh4 Rg8+ 34. Kh2 Rf4 35. Bf2 Nf6 36. Bg3 Rxg3 37. Kxg3 Nxe4+ 38. Kg2 Nc3 39. Rde1 Nxe2 40. Rxe2 Rf5 41. Re4 Kd7 42. Rc4 Kd6 43. c3 Rf4 44. Rxf4 exf4 45. Kf3 Ke5 46. b4 c6 47. h4 c5 48. b5 c4 49. Ke2 Ke4 0-1